| 000 | 00510nam a2200181 a 4500 | ||
|---|---|---|---|
| 001 | 3211 | ||
| 003 | CO-ViMGA | ||
| 008 | 141112s2004 ck r 000 u spa d | ||
| 040 |
_aCO-ViMGA _bspa _cCO-ViMGA |
||
| 082 | 0 | 4 | _a616.025 P124 |
| 245 | 1 | 0 |
_aEl paciente en estado critico / _cGomez Piza MarĂa Eugenia y otros |
| 250 | _a2a | ||
| 260 |
_aMedellin : _bFondo editorial de laCIB, _c1997 |
||
| 300 | _a514 p | ||
| 490 | _aFundamentos de medicina | ||
| 650 | 1 | 4 |
_aMEDICINA DE URGENCIA _952622 |
| 942 |
_2ddc _cBK |
||
| 999 |
_c15261 _d15261 |
||